| 000 | 00414nam a22001697a 4500 | ||
|---|---|---|---|
| 005 | 20260225095305.0 | ||
| 008 | 260225b |||||||| |||| 00| 0 eng d | ||
| 020 | _a978-81-203-4617-8 | ||
| 100 | _aSINGH, KIRPAL | ||
| 245 | _aCHEMISTRY IN DAILY LIFE | ||
| 250 | _a3RD ED | ||
| 260 |
_aDELHI _bPHI LEARNING _c2012 |
||
| 300 | _aIX,174P. | ||
| 500 | _aINCLUDES INDEX | ||
| 650 | _aCHEMISTRY | ||
| 942 |
_2lcc _cBK |
||
| 999 |
_c216638 _d216638 |
||